000 00896nam0a22002531 4500
001 rc\279388
005 20030307120624.4
035 _a(NLR Aleph) 005506773
090 _a5363477
_c5363477
100 _a20030307d1990 u |0rusy50 ca
101 0 _arus
102 _aRU
105 _ay |||||||||
200 1 _aОрганизация и криминалистическая методика расследования экономических преступлений
_eУчеб. пособие
_fАкад. МВД СССР
210 _aМ.
_cБ. и.
_d1990
215 _a87 с.
_d20
333 _aДСП. Экз. № 000007
700 1 _aМодогоев
_bА. А.
_gАлександр Андреевич
701 1 _aЦветков
_bС. И.
_gСергей Иванович
801 0 _aRU
_bNLR
_gpsbo
801 1 _aRU
_bELAR
_2rusmarc
852 _aNLR
_j90-50К/6806
942 _cBOOK
980 _aNB